01228nam a2200313 i 450000100060000000300090000600500170001500700030003200800410003502000180007608000100009408000140010410000440011824501070016226000550026930000340032449000670035865000320042565000340045765000400049165000340053170000410056570000320060683000740063885200400071294200230075299900170077595201220079268342ES-MaACL20250729053850.0t|040622s2002 xxu ||||1| eng d a1-58488-256-5 a536.2 a532.5(04)1 aNepomnyashchy, Alexander A.eaut98538310aInterfacial phenomena and convection / cAlexander A. Nepomnyashchy, Manuel G. Velarde, Pierre Colinet aBoca Raton, USA : bChapman and Hall/CRC, c[2002] aXVII, 365 páginas ; c24 cm1 aMonographs and surveys in pure and applied mathematics ; v124 4aCalor-xConvección910685 7aCalor-xTransmisión9165140 7aMecánica de fluidos2embne914877 7aHidrodinámica2embne9133351 aGarcía Velarde, Manueleaut9553821 aColinet, Pierreeaut939604 0aMonographs and surveys in pure and applied mathematics ;v1249230942 aES-MaACLbR.133867cDEPO2jL-28022  2udccMONOGRAFIAn0 c68342d68342 00104070aATENEOMbATENEOMcDEPO2d2008-01-17eSCl0oL-28022p1071541r2023-02-23 00:00:00w2023-02-23yMONOGRAFIA